LEADER 00989nam a2200253 u 4500 001 000000036128 003 CaOOAMICUS 005 20070226112650.0 008 980318s1948 it u000 u ita u 035 $a10786406 040 $aPUL(R)$bita 041 0 $aita$hfre 100 1 $aSartre, Jean-Paul,$d1905-1980.$0(OLS)http://pul/name/24998 240 10$aRéflexions sur la question juive.$lItaliano.$0(OLS)http://pul/title/49483 245 10$aEbrei /$cJean Paul Sartre ; traduzione di Ignazio Weiss. 260 $aMilano :$bEdizioni di Comunità,$c1948. 300 $a152 p. ;$c22 cm 650 4$aAntisemitismo$xStoria.$0(OLS)http://pul/subject/13197 850 $aPUL 852 $aPUL$W1$xSL Religione 1$y3$m7(1) D 121$j49525$nBK-PRI$b $qStampati$B49525$CPULBib$Z2$F49525 $H $81 941 1 $a8 961 $aINV: 77603 996 $6245$aEbrei$9(OLS)http://pul/title/49484 996 $6260$aMilano :$bEdizioni di Comunità$9(OLS)http://pul/publisher/48252 LEADER 01518nam a2200337 a 4500 001 000000128085 003 CaOOAMICUS 005 20120316142443.0 008 120316s2011 it d u000 u ita r 040 $aPUL$bita 082 04$a657 100 1 $aGaiani, Luca.$0(OLS)http://pul/name/78590 245 10$aBilancio e reddito d'impresa /$cdi Luca Gaiani. 260 $aMilano :$bIl Sole 24 ore,$c2011. 300 $a159 p. :$bgrafici ;$c24 cm. 490 1 $aBiblioteca del Sapere del Sole 24 Ore 490 1 $aContabilità facile : bilancio, principi contabili, reddito d'impresa ;$v09 500 $aSulla cop.: Sistema Frizzera, Norme e tributi. 504 $aInclude riferimenti bibliografici ed indice. 650 4$aContabilità.$0(OLS)http://pul/subject/34457 650 4$aImprese$xContabilità.$0(OLS)http://pul/subject/34456 650 4$aEconomia.$0(OLS)http://pul/subject/1893 830 0$aBiblioteca del Sapere del Sole 24 Ore.$0(OLS)http://pul/title/137968 830 0$aContabilità facile : bilancio, principi contabili, reddito d'impresa ;$v09.$0(OLS)http://pul/title/161849 850 $aPUL 852 $aPUL$W1$xDP2 Cons. Gen., Altre Classi 3$y97$m657 COLL 1.9$j148249$qDDC 21$B146851$CPULBib$Z2$F146851 $H118696 $82 941 1 $a9 996 $6082$a657$9(OLS)http://pul/classification/745 996 $6245$aBilancio e reddito d'impresa$9(OLS)http://pul/title/161854 996 $6260$aMilano :$bIl Sole 24 ore$9(OLS)http://pul/publisher/69212